[Event "Spijkenisse op-B 3rd"]
[Site "Spijkenisse"]
[Date "2013.10.26"]
[Round "4"]
[White "Jolly, Mark"]
[Black "Van der Beek, Simon"]
[Result "1/2-1/2"]
[WhiteElo "1473"]
[BlackElo "1612"]
[PlyCount "57"]
[EventDate "2013.10.25"]
[EventType "swiss"]
[EventRounds "6"]
[EventCountry "NED"]
[SourceTitle "EXT 2014"]
[Source "ChessBase"]
[SourceDate "2013.11.20"]
[SourceVersion "1"]
[SourceVersionDate "2013.11.20"]
[SourceQuality "1"]

1. d4 g6 2. e4 Bg7 3. f4 d5 4. e5 f6 5. Nf3 Nc6 6. Bd3 Bg4 7. c3 Qd7 8. h3 Bxf3 9. Qxf3 0-0-0 10. b4 e6 11. a4 fxe5 12. dxe5 Rf8 13. Qe2 Nce7 14. g4 h5 15. Rf1 Nh6 16. Be3 b6 17. a5 Kb8 18. axb6 axb6 19. Qa2 Qc6 20. Bxb6 cxb6 21. Qa7+ Kc8 22. Qxe7 Rf7 23. Qh4 hxg4 24. hxg4 Nf5 25. Qg5 Ng3 26. Qxg6 Rxf4 27. Rxf4 Rh1+ 28. Rf1 Nxf1 29. Bxf1 1/2-1/2